Najgęściej zaludnione miasta woj. Małopolskiego - Statystyki

Ogólne statystyki
  • Ten quiz został rozwiązany 17 razy
  • Średni wynik to 8 z 12
Statystyki odpowiedzi
Gęstość zaludnienia (os/km²) Miasto % Poprawnych
2466,6 Kraków
100%
1395,1 Nowy Sącz
87%
1180,4 Oświęcim
87%
1257,7 Olkusz
80%
1425 Tarnów
80%
1634,6 Wadowice
73%
2076,4 Wieliczka
73%
1770,9 Andrychów
60%
1337,4 Brzesko
60%
1169,1 Skawina
53%
1306,4 Skała
20%
1213,1 Słomniki
20%
Nie znaleziono quizów pasujących do podanych kryteriów
Rozkład punktacji
Procent ludzi z każdym wynikiem
Percentyl według liczby udzielonych odpowiedzi
Twoja historia wyników
Nie rozwiązałeś tego quizu